000 01425cam a2200361 a 4500
001 1196767
003 SISC
005 20160331084037.0
008 980402s1999 mnua c b 001 0 eng
010 _a 98007105
020 _a0736800026 (lib. bdg.)
040 _aDLC
_cDLC
_dDLC
042 _alcac
043 _an-us---
050 0 0 _aJK 516
_b.H343 1999
082 0 0 _aHS 324.6
_b.H35 1999
100 1 _aHeath, David,
_d1948-
_911308
245 1 4 _aThe presidency of the United States /
_cby David Heath.
260 _aMankato, Minn. :
_bCapstone High/Low Books,
_cc1999.
300 _a48 p. :
_bill. (some col.) ;
_c23 cm.
440 0 _aAmerican civics
_911302
504 _aIncludes bibliographical references (p. 44) and index.
520 _aDiscusses the establishment of the presidency, the system of checks and balances it helps maintain, the duties of the president and more.
526 _c1000L to 1310L
562 _eFor circulation. One copy available in the collection.
650 0 _aPresidents
_zUnited States
_xJuvenile literature.
_911309
650 1 _aPresidents.
_911310
651 0 _aUnited States
_xPolitics and government
_xJuvenile literature.
_911311
906 _a7
_bcbc
_corignew
_d1
_eocip
_f19
_gy-gencatlg
942 _2lcc
_cBK
999 _c8812
_d8812